Statistiques concernant Nationalité des joueurs en Ligue 1

Cliquez ici pour prendre le quiz!

Statistiques générales

  • Ce quiz a été pris 76 fois
  • Le résultat moyen est 24 sur 70

Statistiques - réponses

PaysJoueurs% Correct
PortugalNuno Mendes / Danilo Pereira / Vitinha / Gonçalo Ramos / Mathias Pereira Lage / Tiago Djalo / Tiago Santos / David Pereira da Costa / Anthony Lopes / Diego Moreira
91%
SénégalAliou Balde / Ismail Jakobs / Krépin Diatta / Ismaïla Sarr / Pape Gueye / Iliman Ndiaye / Nampalys Mendy / Arouna Sangante / Lamine Diack / Aboubacar Lô / Lamine Camara / Cheick Tidiane Sabaly / Pape Diallo / Malick Mbaye / Ibou Sane / Sadibou Sane / Mory Diaw / Massamba Ndiaye / Alfred Gomis / Formose Mendy / Ahmadou Bamba Dieng
89%
BrésilMarquinhos / Lucas Beraldo / Dante / Robson Bambu / Caio Henrique / Vanderson / Alexsandro Ribeiro / Ismaily / Luis Henrique / Angelo / Adson / Douglas Augusto / Lucas Perri / Adryelson / Henrique / Neto Borges / Igor Silva
81%
MarocAchraf Hakimi / Sofiane Diop / Achraf Dari / Yunis Abdelhamid / Amir Richardson / Amine Salama / Azzedine Ounahi / Amine Harit / Bilal Nadir / Neil El Aynaoui / Mohamed Jaouab / Ibrahim Salah / Oualid El Hajjam / Yassine Kechta / Zakaria Aboukhlal / Sami Lahssaini / Imran Louza
77%
EspagneArnau Tenas / Sergio Rico / Carlos Soler / Fabian Ruiz / Marco Asensio / Pau Lopez / Ruben Blanco / Pedro Chirivella / Alex Dominguez / César Gelabert
72%
ItalieGianluigi Donnarumma / Cher Ndour / Vito Mannone / Kelvin Yeboah
69%
JaponTakumi Minamino / Junya Ito / Keito Nakamura
69%
GabonPierre-Emerick Aubameyang / Shavy Warren Babicka / Jim Allevinah
64%
ArgentineIgnacio Miramon / Leonardo Balerdi / Joaquin Correa / Facundo Medina / Nicolas Tagliafico
63%
CanadaJonathan David
61%
RussieAleksandr Golovin
59%
BelgiqueEliot Matazo / Thomas Foket / Maxime Busi / Thibault De Smet / Jelle Van Neck / Ayanda Sishuba / Matz Sels / Arthur Theate / Malick Fofana / Maximiliano Caufriez
59%
Corée du SudKang-in Lee
58%
RD CongoChancel Mbemba / Dimitry Bertaud / Samuel Moutoussamy / Gedeon Kalulu
55%
Costa RicaKeylor Navas
55%
UruguayManuel Ugarte / Martin Satriano
53%
CongoNolan Mbemba / Warren Tchimbembé
53%
SuisseJordan Lotomba / Philipp Köhn / Denis Zakaria / Breel Embolo / Ulisses Garcia / Fabian Rieder / Bećir Omeragić / Silvan Hefti / Eray Cömert / Vincent Sierro / Yvon Mvogo
52%
AlgérieYoucef Atal / Hicham Boudaoui / Badredine Bouanani / Billal Brahimi / Akim Zedadka / Adam Ouas / Nabil Bentaleb / Amine Gouiri / Yanis Guermouche / Jaouen Hajdam / Alexandre Oukidja / Kevin Van Den Kerkhof / Mehdi Zeffane
50%
Côte d'IvoireJérémie Boga / Wilfried Singo / Emmanuel Agbadou / Oumar Diakité / Bamo Meïté / Abakar Sylla / Jean-Eudes Aholou / Dion Moise Sahi / Guéla Doué / Mohamed Koné / Benie Traore / Ismaël Traoré / Koffi Kouao / Jean N'Guessan / Sinaly Diomandé / Paul Akouokou
48%
MalteTeddy Teuma
48%
GhanaMohammed Salisu / Salis Abdul Samed / André Ayew / Benjamin Tetteh / Ernest Nuamah / Alidu Seidu
47%
Pays-BasPablo Rosario / Marco Bizot / Myron Boadu / Azor Matusiwa / Emanuel Emegha / Stijn Spierings / Thijs Dallinga / Ibrahim Cissoko
47%
PologneMarcin Bulka / Radosław Majecki / Przemyslaw Frankowski / Karol Fila
45%
TunisieWahbi Khazri / Montassar Talbi
44%
NigeriaTerem Moffi / Akor Adams / Moses Simon / Bonke Innocent
42%
AllemagneThilo Kehrer / Reda Khadra / Niklas Schmidt
42%
MaliKamory Doumbia / Mohamed Camara / Massadio Haïdara / Ibrahima Sissoko / Falaye Sacko / Boubakar Kouyaté / Moussa Diarra / Cheick Oumar Konaté / Habib Keita / Siriné Doucouré
41%
CroatieDejan Lovren / Duje Caleta-Car
39%
EgypteMostafa Mohamed
38%
KosovoEdon Zhegrova / Elbasan Rashani
36%
SlovaquieMilan Skriniar / Adam Jakubech
36%
CentrafriqueGeoffrey Kondogbia / Geoffrey Lembet / Dominique Youfeigane
34%
AutricheKevin Danso / Muhammed Cham-Saracevic / Adrian Grbic
34%
ZimbabweMarshall Munetsi / Tino Kadewere
34%
CamerounSimon Ngapandouetnbu / Jean Onana / François Régis Mughe / Christopher Wooh / Enzo Tchato / Jean-Charles Castelletto / Ignatius Ganago / Kevin Biakolo / Frank Magri / Darlin Yongwa
34%
GéorgieGeorges Mikautadze
31%
ChiliGuillermo Maripan / Gabriel Suazo
31%
AngleterreAngel Gomes / Josh Wilson-Esbrand / Emran Soglo / Ainsley Maitland-Niles
30%
Etats-UnisFolarin Balogun / Emmanuel Sabbi
30%
IslandeHakon Arnar Haraldsson
27%
PanamaMichael Murillo
27%
Guinée-BissauFali Candé / Mama Baldé
25%
JordanieMousa Al-Taamari
23%
AngolaIvan Cavaleiro / Clinton Mata / Jérémie Bela
22%
SerbieMilos Lukovic / Nemanja Matic / Denis Petric / Komnen Andric
22%
OuzbekistanAbdukodir Khusanov
19%
GuinéeIbrahim Diakité / Morgan Guilavogui / Saïdou Sow / Mohamed Bayo / Kandet Diawara / Issiaga Sylla / Dembo Sylla
19%
Afrique du SudLebo Mothiba
19%
Cap-VertLogan Costa
19%
DanemarkMohamed Daramy / Rasmus Nicolaisen / Mikkel Desler
17%
ColombieOscar Cortes / Deiver Machado / Oscar Estupinan
17%
BéninSteve Mounié / Tosin Aiyegun
17%
SuèdeGabriel Gudmundsson / Oliver Zanden / Joel Asoro
16%
TurquieYusuf Yasici / Bertuğ Özgür Yıldırım
14%
JamaiqueShamar Nicholson
13%
VenezuelaWuilker Farinez / Cristian Casseres Jr
13%
AustralieDenis Genreau
11%
HaïtiAlexandre Pierre / Jean-Kevin Duverne / Danley Jean Jacques
9%
BurundiYoussouf Ndayishimiye
9%
GambieAdama Bojang / Ablie Jallow
8%
BosnieSanjin Prcic / Belmin Dizdarevic
8%
NorvègeWarren Kamanzi / Aron Donnum / Joel Mugisha Mvuka
8%
UkraineEduard Sobol
6%
KenyaJoseph Okumu
6%
EquateurJhoanner Chavez
3%
FinlandeNaatan Skyttä
3%
GuadeloupeJosué Casimir / Marcus Coco
2%
ComoresYannick Pandor
2%
GuyaneYoann Salmier
2%

Distribution des résultats

Percentile par nombre de réponses

% des personnes avec chaque résultat

Votre développement - résultats

Vous n’avez pas pris ce quiz